000 00442nam a2200157 4500
001 123837
003 ES-MaACL
005 20230906192243.0
007 t|
008 070214s1970 sp r ||||1| spa d
100 1 _aRamírez, Julia P.
_995099
245 1 0 _aLenin
_b: (ensayo sociobiográfico) /
_cJulia P. Ramírez.
260 _aAlgorta (Vizcaya) :
_bZero,
_c1970.
300 _a46 p. ;
_c17 cm.
852 _aES-MaACL
_j2073-F-10
_bR.75576
999 _c123837
_d123837